Ballon d'Or Nominees 2024 - Statistics

General Stats
  • This quiz has been taken 233 times
  • The average score is 27 of 30
Answer Stats
Nation Club Position Player % Correct
England Real Madrid FW Jude Bellingham
100%
Norway Manchester City FW Erling Haaland
97%
Brazil Real Madrid FW Vinícius Júnior
97%
France Real Madrid FW Kylian Mbappé
96%
Spain Manchester City MID Rodri
95%
Germany Real Madrid DEF Antonio Rüdiger
94%
Argentina Aston Villa GK Emiliano Martínez
94%
Spain Barcelona FW Lamine Yamal
94%
Argentina Inter Milan FW Lautaro Martínez
94%
Norway Arsenal FW Martin Ødegaard
94%
England Arsenal FW Bukayo Saka
93%
England Bayern Munich FW Harry Kane
93%
England Manchester City FW Phil Foden
93%
Germany Retired MID Toni Kroos
93%
Spain Real Madrid DEF Dani Carvajal
92%
Uruguay Real Madrid MID Federico Valverde
91%
Portugal Manchester City DEF Rúben Dias
91%
England Chelsea FW Cole Palmer
90%
France Arsenal DEF William Saliba
90%
England Arsenal MID Declan Rice
89%
Switzerland Bayer Leverkusen MID Granit Xhaka
89%
Spain Athletic Bilbao FW Nico Williams
88%
Germany Bayer Leverkusen FW Florian Wirtz
87%
Turkey Inter Milan MID Hakan Çalhanoğlu
84%
Spain Bayer Leverkusen DEF Alejandro Grimaldo
83%
Portugal Paris Saint-Germain MID Vitinha
83%
Nigeria Atalanta FW Ademola Lookman
82%
Germany Borussia Dortmund DEF Mats Hummels
79%
Spain Barcelona FW Dani Olmo
73%
Ukraine Roma FW Artem Dovbyk
72%
No matching quizzes found
Score Distribution
Percent of People with Each Score
Percentile by Number Answered
Your Score History
You have not taken this quiz